Poverty, growth and inequality: Chile after adjustment

সংরক্ষণ করুন:
গ্রন্থ-পঞ্জীর বিবরন
প্রধান লেখক: Larrañaga, Osvaldo (Author)
সংস্থা লেখক: Programa de Postgrado de Economía ILADES-Georgetown University (Author)
বিন্যাস: গ্রন্থ
ভাষা:ইংরেজি
প্রকাশিত: Santiago ILADES 1993
মালা:Investigación, ILADES, I-66
বিষয়গুলি:
ট্যাগগুলো: ট্যাগ যুক্ত করুন
কোনো ট্যাগ নেই, প্রথমজন হিসাবে ট্যাগ করুন!

MARC

LEADER 00000nam a2200000 a 4500
001 UCR8680
003 CL-VaPUC
008 980529e19930400CL |||||||||||||||||eng|d
082 0 4 |a 330.711  |b LAR  |2 21 
100 |a Larrañaga, Osvaldo  |e author  |9 518468 
110 2 |a Programa de Postgrado de Economía ILADES-Georgetown University  |e author  |9 410734 
245 1 0 |a Poverty, growth and inequality: Chile after adjustment 
300 |a 31 p 
942 |c BK 
945 |d 19980529 00:00:00  |a crobeson 
260 |a Santiago  |b ILADES  |c 1993 
650 7 |a EDUCACION DE POSTGRADO  |2 CL-VaPUC  |9 310729 
650 0 |a Economía   |9 255568 
650 0 |a Crecimiento económico   |9 314037 
650 0 |a Desigualdad social  |9 349409 
650 0 |a Pobreza  |9 258652 
651 7 |a CHILE  |2 CL-VaPUC  |9 410735 
583 |a last modification  |c 19980529 00:00:00  |k Rodrigo Vera 
490 0 |a Investigación, ILADES, I-66 
999 |c 270076  |d 270074